01452nam a2200313 a 4500008004100000020003500041020002200076049000900098090002000107245037000127250002800497260009400525300002600619504004100645500001900686650003600705650001600741700002000757700002700777710005100804710003400855907003500889003000100924005001700925040000900942942002700951999001900978952014100997  a0838934854 (ALA : paperbound ) a1856041549 (pbk.) aMAIN aREFZ694.15bANG00aAnglo-American cataloguing rules /cprepared under the direction of the Joint Steering Committee for Revision of AACR, a committee of the American Library Association, the Australian Committee on Cataloguing, the British Library, the Canadian Committee on Cataloguing, the Library Association, the Library of Congress ; edited by Michael Gorman and Paul W. Winkler. a2nd ed., 1998 revision. aOttawa :bCanadian Library Association ;aChicago :bAmerican Library Association,c1998. axli, 676 p. ;c26 cm. aIncludes bibliographical references. aIncludes index 0aDescriptive cataloguingxRules. 2aCataloguing1 aGorman, Michael1 aWinkler, Paul Winkler.2 aJoint Steering Committee for Revision of AACR.2 aAmerican Library Association. a.b10030554b22-06-16c17-04-0320230123122220.0 cNUST cBOOKSkREFZ694.15mANG c129811d129811 r2023-01-23 00:00:00l0oREFZ694.15 ANGp92004017697v80.00w2023-01-23yBOOKS102LCC40708NFIC00aMAINbMAINcGENd2023-01-23g80.00